Statystyki dla Kraje o największej liczbie wyleczonych na koronawirusa

Kliknij tutaj aby rozwiązać quiz!

Ogólne statystyki

  • Ten quiz został rozwiązany 75 razy
  • Średni wynik to 17 z 30

Statystyki odpowiedzi

Ilość WyleczonychKraj% Poprawnych
44,8 tysChiny
99%
12Francja
92%
42Japonia
92%
16Niemcy
92%
149Włochy
90%
2Rosja
88%
2Hiszpania
86%
7Kanada
85%
30Korea Południowa
84%
3Indie
79%
8Wielka Brytania
75%
15Australia
73%
291Iran
70%
1Belgia
59%
30Tajlandia
56%
1Finlandia
52%
16Wietnam
48%
1Egipt
45%
9Stany
44%
12Tajwan
44%
2Filipiny
42%
1Kambodża
38%
22Malezja
37%
78Singapur
37%
1Izrael
26%
1Rumunia
26%
2Oman
25%
1Sri Lanka
23%
1Nepal
19%
5Zjednoczone Emiraty
14%

Rozkład punktacji

Percentyl według liczby udzielonych odpowiedzi

Procent ludzi z każdym wynikiem

Twoja historia wyników

Nie rozwiązałeś tego quizu